Gaming Quiz

Random Gaming or Pokémon Quiz
Score 0/86 Timer 10:00
0 Plays Today
Hint Answer % Correct
Bulbasaur
100%
Ivysaur
97.7%
Venusaur
95.3%
Oddish
90.7%
Gloom
90.7%
Bellsprout
90.7%
Vileplume
88.4%
Treecko
88.4%
Weepinbell
86%
Chikorita
86%
Bayleef
86%
Grovyle
86%
Victreebel
83.7%
Meganium
83.7%
Sceptile
83.7%
Torterra
81.4%
Tangela
79.1%
Turtwig
79.1%
Bellossom
76.7%
Snivy
76.7%
Hoppip
74.4%
Skiploom
74.4%
Grotle
74.4%
Serperior
74.4%
Jumpluff
72.1%
Sunkern
72.1%
Sunflora
72.1%
Paras
69.8%
Parasect
69.8%
Hint Answer % Correct
Seedot
67.4%
Nuzleaf
67.4%
Shiftry
67.4%
Leafeon
67.4%
Shaymin
67.4%
Servine
67.4%
Celebi
65.1%
Lotad
65.1%
Lombre
65.1%
Ludicolo
65.1%
Tangrowth
65.1%
Chespin
65.1%
Chesnaught
65.1%
Exeggcute
62.8%
Exeggutor
62.8%
Breloom
62.8%
Cacnea
62.8%
Cacturne
62.8%
Tropius
62.8%
Shroomish
60.5%
Lileep
60.5%
Cradily
60.5%
Pansage
60.5%
Virizion
60.5%
Cherubi
58.1%
Cherrim
58.1%
Simisage
58.1%
Leavanny
58.1%
Roselia
55.8%
Hint Answer % Correct
Sewaddle
55.8%
Swadloon
55.8%
Petilil
55.8%
Roserade
53.5%
Snover
53.5%
Abomasnow
53.5%
Cottonee
53.5%
Ferroseed
53.5%
Ferrothorn
53.5%
Skiddo
53.5%
Gogoat
53.5%
Budew
51.2%
Wormadam
46.5%
Maractus
46.5%
Pumpkaboo
46.5%
Carnivine
44.2%
Sawsbuck
44.2%
Deerling
41.9%
Phantump
41.9%
Trevenant
41.9%
Foongus
39.5%
Amoongus
39.5%
Gourgeist
39.5%
Mega Venusaur
34.9%
Mega Abomasnow
25.6%
Quillidan
14%
Whimiscott
9.3%
Lillagant
9.3%
Remove Ads.
Support Sporcle.
Get the best of Sporcle when you Go Orange. This ad-free experience offers more features, more stats, and more fun while also helping to support Sporcle. Thank you for becoming a member.

You're not logged in!

Compare scores with friends on all Sporcle quizzes.
OR
Log In

Show Comments

Extras

Created Jan 1, 2015ReportNominate
Tags:Pokémon Quiz, grass

Top Quizzes Today


Score Distribution

Your Account Isn't Verified!

In order to create a playlist on Sporcle, you need to verify the email address you used during registration. Go to your Sporcle Settings to finish the process.

Report this User

Report this user for behavior that violates our Community Guidelines.

Details: